000 00935nam a2200301Ia 4500
003 GCL
008 140319s9999 xx 000 0 ara d
040 _aGCL /
_cGCL
082 0 4 _a600
_bأ ع
100 1 _aاحمد شوقى
245 1 0 _aالعلم ثقافة المستقبل /
_cاحمد شوقى
250 _aالاولى
260 _aالقاهرة :
_bالمكتبة الاكاديمية ،
_c1993
300 _a281 ص ؛
_c19سم
490 _aالمستقبل بعيون علمية
_v2
650 0 4 _aالبيئة
650 0 4 _aالعلم
650 0 4 _aالثقافة
650 0 4 _aالتنمية
650 0 4 _aالسلام
650 0 4 _aالبحث العلمى
650 0 4 _aالعلوم الانسانية
650 0 4 _aالمستقبل
650 0 4 _aالجامعة المفتوحة
650 0 4 _aالتقدم التكنولوجيا
650 0 4 _aالتقدم التكنولوجى
942 _2ddc
_cBK
999 _c53631
_d53631